| 000 | nam a22 a 4500 | ||
|---|---|---|---|
| 999 |
_c90280 _d90280 |
||
| 003 | BLK | ||
| 005 | 20220924100731.0 | ||
| 008 | 180408b bul|||||r ||||||| ||bul|| | ||
| 010 | _aKNG00095019000 | ||
| 040 | _aBLK | ||
| 041 |
_aBUL _cBUL |
||
| 080 |
_aБългарска литература _b821.163.2 _x-31 _z821.163.2-31 |
||
| 100 | 1 |
_aКараславов, Георги _eпърви автор _9369377 |
|
| 139 |
_aКараславов, Георги _bК 36 |
||
| 245 | 1 | 0 |
_aСнаха _bРоман _cГеорги Караславов; предг. от Симеон Правчанов |
| 250 | _a12. изд. | ||
| 257 | _aBGR | ||
| 260 |
_aСофия _bБълг. писател _c1975 |
||
| 300 |
_a224 с. _c20 см |
||
| 380 | _aX | ||
| 490 |
_aБиблиотека за ученика _9201322 |
||
| 500 | _a1. изд. 1961. | ||
| 700 | 1 |
_aПравчанов, Симеон _eпредг. от _9112778 |
|
| 852 |
_aЦб 75931 _bЦб |
||
| 856 | 4 | _qpdf | |
| 856 | 4 | _qpdf | |
| 942 |
_cKNG _n0 _01 _s1 |
||
| 944 |
_aCR _c30.03.2010 _lф / _kЛюдмила_Стоянова |
||
| 944 |
_aED _c16.04.2010 _lф / |
||